Normal view
MARC view
- Physilolgy - M Phil Theses.
Entry Topical Term
001 - CONTROL NUMBER
- control field: 30606
003 - CONTROL NUMBER IDENTIFIER
- control field: NUST
005 - DATE AND TIME OF LATEST TRANSACTION
- control field: 20200923100656.0
008 - FIXED-LENGTH DATA ELEMENTS
- fixed length control field: 200923|| aca||aabn | a|a d
040 ## - CATALOGING SOURCE
- Original cataloging agency: NUST
- Transcribing agency: NUST
150 ## - HEADING--TOPICAL TERM
- Topical term or geographic name entry element: Physilolgy - M Phil Theses.
670 ## - SOURCE DATA FOUND
- Source citation: Work cat.: (NUST): Mehmood, Muhammad Sajid 30605, Relationship Between Neutrophil-Lymphocyte Ratio and 8-Isoprostane Levels with Arterial Stiffness and Tpe/QTc Ratio in Hypertension /, 2014.
